00622nam a2200193 i 450000100060000000300090000600500170001500700030003200800410003510000230007624501110009926000470021030000350025749000310029260000180032370000240034183000310036585200320039628695ES-MaACL20230906153919.0t|030120s1985 sp ||||1| spa d1 aBaker, Geoffrey H.13aLe Corbusier b: análisis de la forma / cGeoffrey H. Baker ; versión castellana de Santiago Castán. aBarcelona, etc. : bGustavo Gili, c[1985] aXVI, 277 p. : bil. ; c24 cm.1 aArquitectura. Perspectivas04aLe Corbusier.1 aCastán, Santiago.0 aArquitectura. Perspectivas aES-MaACLjL-9808 bR.111638